Statistics for business and economics / (Record no. 1312)

MARC details
000 -LEADER
fixed length control field 01496nac a2200421 i 4500
003 - CONTROL NUMBER IDENTIFIER
control field EG-ScBUE
005 - DATE AND TIME OF LATEST TRANSACTION
control field 20241126100753.0
006 - FIXED-LENGTH DATA ELEMENTS--ADDITIONAL MATERIAL CHARACTERISTICS--GENERAL INFORMATION
fixed length control field m||||fq||h 00| 0
008 - FIXED-LENGTH DATA ELEMENTS--GENERAL INFORMATION
fixed length control field 150824t2005 njua f 001 0 eng d
020 ## - INTERNATIONAL STANDARD BOOK NUMBER
International Standard Book Number 0131246984 (pbk.)
020 ## - INTERNATIONAL STANDARD BOOK NUMBER
International Standard Book Number 9780131246980
040 ## - CATALOGING SOURCE
Original cataloging agency EG-Sc BUE
Language of cataloging eng
Description conventions rda
Transcribing agency EG-Sc BUE
Modifying agency EG-Sc BUE
082 04 - DEWEY DECIMAL CLASSIFICATION NUMBER
Classification number 519.5
Item number MCC
Edition number 22
100 1# - MAIN ENTRY--PERSONAL NAME
Personal name McClave, James T.,
Relator term author.
245 10 - TITLE STATEMENT
Title Statistics for business and economics /
Statement of responsibility, etc James T. McClave, info tech, Inc. University of Florida, P. George Benson, Terry College of Business, University of Georgia, Terry Sincich, University of South Florida.
250 ## - EDITION STATEMENT
Edition statement Ninth edition
264 #1 - PUBLICATION, DISTRIBUTION, ETC. (IMPRINT)
Place of publication, distribution, etc Upper Saddle River, NJ :
Name of publisher, distributor, etc Pearson Prentice Hall,
Date of publication, distribution, etc [2005]
264 #4 - PUBLICATION, DISTRIBUTION, ETC. (IMPRINT)
Date of publication, distribution, etc c2005
300 ## - PHYSICAL DESCRIPTION
Extent 1 volume (various pagings) :
Other physical details illustrations ;
Dimensions 26 cm +
Accompanying material 1 CD
336 ## - CONTENT TYPE
Source rdacontent
Content type term text
Content type code txt
336 ## - CONTENT TYPE
Source rdacontent
Content type term sounds
Content type code snd
337 ## - MEDIA TYPE
Media type term unmediated
Source rdamedia
Media type code n
337 ## - MEDIA TYPE
Media type term audio
Source rdamedia
Media type code s
338 ## - CARRIER TYPE
Carrier type term volume
Carrier type code nc
Source rdacarrier
338 ## - CARRIER TYPE
Carrier type term computer disc
Carrier type code cd
Source rdacarrier
500 ## - GENERAL NOTE
General note Includes index.
500 ## - GENERAL NOTE
General note Previous ed.: 2001.
590 ## - LOCAL NOTE (RLIN)
Local note Doha
650 #7 - SUBJECT ADDED ENTRY--TOPICAL TERM
Topical term or geographic name as entry element Commercial statistics.
Source of heading or term BUEsh
650 #7 - SUBJECT ADDED ENTRY--TOPICAL TERM
Topical term or geographic name as entry element Economics
General subdivision Statistical methods.
Source of heading or term BUEsh
650 #7 - SUBJECT ADDED ENTRY--TOPICAL TERM
Topical term or geographic name as entry element Statistics.
Source of heading or term BUEsh
651 ## - SUBJECT ADDED ENTRY--GEOGRAPHIC NAME
Source of heading or term BUEsh
653 ## - INDEX TERM--UNCONTROLLED
Resource For college BAEPS, Economics
Arrived date list August2015
655 ## - INDEX TERM--GENRE/FORM
Form subdivision Reading book
700 1# - ADDED ENTRY--PERSONAL NAME
Personal name Benson, P. George,
Dates associated with a name 1946-
Relator term author.
9 (RLIN) 37446
700 1# - ADDED ENTRY--PERSONAL NAME
Personal name Sincich, Terry,
Relator term author.
942 ## - ADDED ENTRY ELEMENTS (KOHA)
Koha item type Book - Borrowing
Source of classification or shelving scheme Dewey Decimal Classification
Holdings
Withdrawn status Lost status Source of classification or shelving scheme Damaged status Not for loan Collection code Home library Current library Shelving location Date acquired Source of acquisition Cost, normal purchase price Total Checkouts Full call number Barcode Date last seen Cost, replacement price Price effective from Koha item type Date checked out
    Dewey Decimal Classification     Baccah Central Library Central Library First floor 03/09/2006 Purchase 203.00 3 519.5 MCC 000003157 15/07/2025 253.75 03/09/2006 Book - Borrowing  
    Dewey Decimal Classification     Baccah Central Library Central Library First floor 03/09/2006 Purchase 203.00   519.5 MCC 000006797 24/08/2022 253.75   CD | DVD - With book  
    Dewey Decimal Classification     Baccah Central Library Central Library First floor 06/02/2009 Purchase 203.00 2 519.5 MCC 000004544 15/07/2025 253.75 24/10/2007 Book - Borrowing 13/12/2012
    Dewey Decimal Classification     Baccah Central Library Central Library First floor 07/11/2006 Purchase 203.00 1 519.5 MCC 000007504 24/08/2022 253.75   CD | DVD - With book 18/02/2009